Bão và đê biển /
Đặc điểm khí tượng - hải văn vùng ven biển phía Bắc; đặc điểm của đê biển phía Bắc; tác động của sóng và dòng chảy. Một số biện pháp phòng chống bão cho đê biển.
में बचाया:
| निगमित लेखक: | |
|---|---|
| स्वरूप: | पुस्तक |
| भाषा: | Vietnamese |
| प्रकाशित: |
Hà Nội :
Xây dựng,
1999.
|
| विषय: | |
| टैग : |
टैग जोड़ें
कोई टैग नहीं, इस रिकॉर्ड को टैग करने वाले पहले व्यक्ति बनें!
|
| Thư viện lưu trữ: | Mạng thư viện Đại học Đà Nẵng |
|---|
| LEADER | 01033cam a2200349 i 4500 | ||
|---|---|---|---|
| 001 | 000042498 | ||
| 003 | 372 | ||
| 005 | 20030922104441.0 | ||
| 008 | 010217b1999 vm 000 vie | ||
| 020 | |c 5000 | ||
| 040 | |a IRC |c IRC |d IRC | ||
| 041 | 0 | |a vie | |
| 082 | 1 | 4 | |a 690.0289 |b BÔ |
| 110 | 2 | |a Bộ Xây dựng. | |
| 245 | 0 | 0 | |a Bão và đê biển / |c Bộ Xây dựng. |
| 260 | |a Hà Nội : |b Xây dựng, |c 1999. | ||
| 300 | |a 38tr. ; |c 19cm. | ||
| 520 | 3 | |a Đặc điểm khí tượng - hải văn vùng ven biển phía Bắc; đặc điểm của đê biển phía Bắc; tác động của sóng và dòng chảy. Một số biện pháp phòng chống bão cho đê biển. | |
| 630 | 0 | 4 | |a Xây dựng. |
| 630 | 0 | 4 | |a Đê biển. |
| 650 | 0 | 4 | |a Đê biển. |
| 650 | 0 | 4 | |a Bão. |
| OWN | |a DUT | ||
| 999 | |a From the UDN01 | ||
| TYP | |a Monograph | ||
| TYP | |a Printed language | ||
| 980 | |a Mạng thư viện Đại học Đà Nẵng | ||